Compostatge casolà [Objecte]
Descripción Física:
16 x 10 cm
MARC
| LEADER | 00000nam a2200000Ia 4500 | ||
|---|---|---|---|
| 001 | 20447 | ||
| 008 | 160829s9999 xx 000 0 cat d | ||
| 080 | |a NBM-1-12 | ||
| 245 | |a Compostatge casolà [Objecte] | ||
| 260 | |a Barcelona : |b Diputació de Barcelona, [2008] | ||
| 300 | |a 16 x 10 cm | ||
| 590 | |a Iman | ||
| 710 | 1 | |a Barcelona (Catalunya : Província). |b Diputació |9 52408 | |
| 901 | |a Arxiu | ||
| 942 | |n 1 | ||
| 952 | |0 0 |1 0 |4 0 |6 NBM112 |7 1 |9 52937 |a Arxiu |b Arxiu |d 2016-12-01 |l 0 |o NBM-1-12 |p 20447 |r 2016-12-01 00:00:00 |w 2016-12-01 |y ARXIU | ||
| 999 | |c 56786 |d 56786 | ||